00584nam a2200145 4500008004100000022001300041245008100054260011900135300001300254650002600267650002700293942000700320952009600327999001500423240219b |||||||| |||| 00| 0 eng d a07426763 aThe American journal of Islamic social sciences-Vol. 17, no. 2 (Summer 2000) aHerndon, (USA) : bThe Association of Muslim social scientists : International institute of Islamic thought,c2000 b1-145 p. aIslam -- Periodicals  aMuslims -- Periodicals cCR 00102ddc4070aMAINbMAINd2024-02-25l0o305.42 AMEpRAF5034r2024-02-25w2024-02-25yCR c4758d4758